000 00980nam a2200229 a 4500
005 20210219160057.0
008 080724s1982 mx r 000 0 spa d
035 _aUPN01000158049
049 _aUNE
080 1 4 _a376.76 (7/8) GAR No.6.
100 1 _aGarcia-Huidobro S., Juan Eduardo
245 1 0 _aAlfabetización y educación de adultos en la región /
_cJuan Eduardo García Huidobro.
260 _aMéxico :
_bCREFAL ;
_aSantiago de Chile :
_bOREALC,
_c1982.
300 _a400 p. :
_bfots., il.
440 0 _aRetablo de papel ;
_v6
500 _aIncluye la declaración de Lima
690 _aEducación de adultos - Alfabetización - América Latina
690 _aAmérica Latina - Educación de adultos - Alfabetización
690 _aAlfabetización - Población indígenas - América Latina
740 0 _aSeminario-taller sobre Experiencias de Alfabetización y Educacion de Adultos en áreas rurales de la Sub-Región Andina, 1980 : Lima, Perú
905 _aUNESCO
999 _c130163
_d130163